000 00975nam a2200241Ia 4500
003 GCL
008 140319s9999 xx 000 0 ara d
040 _aGCL /
_cGCL
082 0 4 _aط
_b239.7
_bم ا
100 1 _aمحمود عبدالغفار الحارث
245 1 0 _aسلسلة امهات المؤمنين \السيدة خديجة بنت خويلد-السيدة عائشة بنت ابىبكرالصديق- السيدة زينب بنت جحش- السيدة حبيبة بنت سفيان /
_cمحمود عبدالغفار الحارث
260 _aبيروت :
_bدار الجيل ،
_c1988
300 _aمتعدد ؛
_c24 سم
490 _aسلسلة امهات المؤمنين
_v0
650 0 4 _aالاطفال
650 0 4 _aالقصص
650 0 4 _aقصص الاطفال
650 0 4 _aالقصص الدينية
650 0 4 _aخديجة بنت خويلد
650 0 4 _aعائشة بنت ابو بكر
650 0 4 _aالسيدة زينب
942 _2ddc
_cBK
999 _c56795
_d56795